00322nam a2200133Ia 4500008004100000020001500041041001200056082001600068100001400084245003700098260002900135300000800164650001600172221030s9999 xx 000 0 und d a8187522593 aEnglish a105.23bBan aR. Bangia 0aLearning Word 2000cby R. Bangia bKhanna Pub.aDelhic2000 a176 aBE Computer